Politický diskurz ako nástroj ovládania a manipulovania

Niektoré znaky rečníckeho umenia v minulosti a v súčasnosti. Vzťah medzi rečníctvom a skutkami. Stupne manipulácie. Manipulácia a klamstvo.

Saved in:
Bibliographic Details
Main Author: Melušová, Elena, 1953-
Format: Book Chapter
Language:Slovak
Subjects:
Tags: Add Tag
No Tags, Be the first to tag this record!

MARC

LEADER 00000naa$a2200000$$$4500
001 0258917
005 20240502074109.6
041 0 |a slo 
044 |a SK 
245 1 0 |a Politický diskurz ako nástroj ovládania a manipulovania  |c Elena Melušová 
520 |a Niektoré znaky rečníckeho umenia v minulosti a v súčasnosti. Vzťah medzi rečníctvom a skutkami. Stupne manipulácie. Manipulácia a klamstvo. 
610 2 0 |a politika 
610 2 0 |a komunikácia 
610 2 0 |a informácie 
610 2 0 |a reklama 
610 2 0 |a rétorika 
100 1 |a Melušová, Elena, 1953-